The legends of the Panjâb / (Record no. 330795)

000 -LEADER
fixed length control field 00876cam a2200265 i 4500
001 - CONTROL NUMBER
control field 2722195
003 - CONTROL NUMBER IDENTIFIER
control field NUST
005 - DATE AND TIME OF LATEST TRANSACTION
control field 20170807123751.0
008 - FIXED-LENGTH DATA ELEMENTS--GENERAL INFORMATION
fixed length control field 770329r19771884nyu 001 0 eng
010 ## - LIBRARY OF CONGRESS CONTROL NUMBER
LC control number 77070627
020 ## - INTERNATIONAL STANDARD BOOK NUMBER
International Standard Book Number 0405101287 :
Terms of availability $96.00
040 ## - CATALOGING SOURCE
Original cataloging agency DLC
Transcribing agency DLC
Modifying agency DLC
041 1# - LANGUAGE CODE
Language code of text/sound track or separate title engpan
050 10 - LIBRARY OF CONGRESS CALL NUMBER
Classification number PK2667.E3
Item number T4 1977
082 00 - DEWEY DECIMAL CLASSIFICATION NUMBER
Classification number 398.2095455
Author Mark TEM
100 1# - MAIN ENTRY--PERSONAL NAME
Personal name Temple, Richard Carnac,
Titles and words associated with a name Sir,
Dates associated with a name 1850-1931.
9 (RLIN) 3816
245 14 - TITLE STATEMENT
Title The legends of the Panjâb /
Statement of responsibility, etc. Richard Carnac Temple.
260 ## - PUBLICATION, DISTRIBUTION, ETC.
Place of publication, distribution, etc. New York :
Name of publisher, distributor, etc. Arno Press,
Date of publication, distribution, etc. 1977.
300 ## - PHYSICAL DESCRIPTION
Extent 3 v. ;
Dimensions 21 cm.
440 #0 - SERIES STATEMENT/ADDED ENTRY--TITLE
Title International folklore
9 (RLIN) 3817
500 ## - GENERAL NOTE
General note Reprint of the 1884-1900 ed. published by Education Society's Press, Bombay.
500 ## - GENERAL NOTE
General note Includes indexes.
650 #0 - SUBJECT ADDED ENTRY--TOPICAL TERM
Topical term or geographic name entry element Folk poetry, Panjabi
General subdivision Translations into English.
9 (RLIN) 3818
650 #0 - SUBJECT ADDED ENTRY--TOPICAL TERM
Topical term or geographic name entry element Folk poetry, Panjabi.
9 (RLIN) 3819
906 ## - LOCAL DATA ELEMENT F, LDF (RLIN)
a 7
b cbc
c orignew
d 1
e opcn
f 19
g y-gencatlg
942 ## - ADDED ENTRY ELEMENTS (KOHA)
Source of classification or shelving scheme
Koha item type Book
Holdings
Withdrawn status Lost status Source of classification or shelving scheme Damaged status Not for loan Collection code Permanent Location Current Location Shelving location Date acquired Total Checkouts Full call number Barcode Date last seen Date last checked out Copy number Price effective from Koha item type
            Central Library (CL) Central Library (CL) Fiction 08/07/2017 1 398.2095455 TEM CL309 11/27/2018 11/20/2018 1 08/07/2017 Book
            Central Library (CL) Central Library (CL) Fiction 08/07/2017   398.2095455 TEM CL465 10/17/2024   2 08/07/2017 Book
© 2023 Central Library, National University of Sciences and Technology. All Rights Reserved.